00600 2200193 4500001002100000005001800021008004100039020002200080035002400102090001600126100002100142245009400163260004200257300002700299650001800326700003200344850001500376999001500391YOGYA-0211000000308020110208093710181 ind  a978-979-22-4322-2 0010-021100000003080 a133.9 sar G aSARANAM, Sankara aGod without Religion : mempertanyakan kebenaran yang telah diterima selama berabad - abad aJakartabGramedia Pustaka Utamac2009 aXXXIV, 279 HLM.: 23 CM aspiritualisme aRahmat, Joanes ; Wendratama aYOPDYOG[B] a10A0040829